00592pam a2200181 4500020001500000082001200015100002700027245002600054250001100080260005700091300002500148500007000173650001800243650001800261942000700279999001500286952010900301 a003008396600a574 JOH aJohnson,Willis H.944500aEssentials of biology a2d ed. aNew York,bHolt, Rinehart and Winstonc[1975, c1972] aviii, 558 p.billus. aFirst ed. (1969) by W. H. Johnson, L. E. DeLanney and T. A. Cole. 0aBiology.9152 2aBiology.9152 cBK c5095d5095 0010708NFICaICbICcGENd2025-02-14g2549.00l0o574 JOHp000149r2025-02-14 09:40:16w2025-02-14yBK